000 01114nam a22002417a 4500
005 20121010141910.0
008 121010t xxu||||| |||| 00| 0 mar d
010 _aMAR-22763
020 _c200.00
035 _aMR-15421
037 _bDBAD/PUB
040 _aDPL
_bMR
082 _a893.3
100 _953016
_aश्यूडर, रोझमरी
245 _aपुत्र चेटकिणीचा /
_cरोझमरी श्यूडर ; जोसेफ तुस्कानो द्वारा अनुवादित
246 _aPutra Chetkinieecha
_bby Rosemarie Schunder
260 _aपुणे
_bराजहंस प्रकाशन
_c2012
270 _bपुणे
_a1025,सदाशिव पेठ
_e411030
300 _a206पृ.
_c21सेमी(अजिल्द)
700 _953616
_aतुस्कानो, जोसेफ
942 _2ddc
_cMR
_mरोझम
_h893.3
999 _c71508
_d71508